Epidemiological survey on infectious disease of cattle in samraong tong district, kampong speu province, អង្កេតពីការរាតល្បាតជំងឺឆ្លងគោដែលជួបប្រទះនៅក្នុងស្រុកសំរោងទង ខេត្តកំពង់ស្ពឺ (Record no. 7179)
[ view plain ]
| 000 -LEADER | |
|---|---|
| fixed length control field | 00616nam a22001337a 4500 |
| 003 - CONTROL NUMBER IDENTIFIER | |
| control field | OSt |
| 005 - DATE AND TIME OF LATEST TRANSACTION | |
| control field | 20160227153320.0 |
| 008 - FIXED-LENGTH DATA ELEMENTS--GENERAL INFORMATION | |
| fixed length control field | 160227b xxu||||| |||| 00| 0 eng d |
| 040 ## - CATALOGING SOURCE | |
| Transcribing agency | RUA |
| 082 ## - DEWEY DECIMAL CLASSIFICATION NUMBER | |
| Classification number | VEM NOR 2014 B435 O.1 |
| 245 ## - TITLE STATEMENT | |
| Title | Epidemiological survey on infectious disease of cattle in samraong tong district, kampong speu province, អង្កេតពីការរាតល្បាតជំងឺឆ្លងគោដែលជួបប្រទះនៅក្នុងស្រុកសំរោងទង ខេត្តកំពង់ស្ពឺ |
| 300 ## - PHYSICAL DESCRIPTION | |
| Extent | ix,44p. |
| Other physical details | ill. |
| Dimensions | 29cm. |
| 942 ## - ADDED ENTRY ELEMENTS (KOHA) | |
| Source of classification or shelving scheme | |
| Koha item type | VEM |
| Price effective from | Date last seen | Permanent Location | Not for loan | Date acquired | Source of classification or shelving scheme | Koha item type | Lost status | Withdrawn status | Total Renewals | Date last checked out | Total Checkouts | Shelving location | Damaged status | Barcode | Current Location | Full call number |
|---|---|---|---|---|---|---|---|---|---|---|---|---|---|---|---|---|
| 2016-02-27 | 2016-06-09 | Library Block B | 2016-02-27 | VEM | 2016-05-25 | 1 | B435 | RUA052914 | Library Block B | VEM NOR 2014 B435 O.1 | ||||||
| 2016-02-27 | 2016-02-27 | Library Block B | 2016-02-27 | VEM | B435 | RUA052915 | Library Block B | VEM NOR 2014 B435 O.2 | ||||||||
| 2016-02-27 | 2016-02-27 | Library Block B | 2016-02-27 | VEM | B435 | RUA052793 | Library Block B | VEM NOR 2014 B435 O.3 | ||||||||
| 2016-02-27 | 2018-08-27 | Library Block B | 2016-02-27 | VEM | 2018-08-10 | 1 | B435 | RUA052794 | Library Block B | VEM NOR 2014 B435 O.4 | ||||||
| 2016-02-27 | 2025-06-16 | Library Block B | 2016-02-27 | VEM | 2025-05-27 | 2 | B435 | RUA052738 | Library Block B | VEM NOR 2014 B435 O.5 | ||||||
| 2016-02-27 | 2019-07-29 | Library Block B | 2016-02-27 | VEM | 2019-07-26 | 2 | B435 | RUA052860 | Library Block B | VEM NOR 2014 B435 O.6 | ||||||
| 2016-02-27 | 2017-08-02 | Library Block B | 2016-02-27 | VEM | 1 | 2016-12-12 | 2 | B435 | RUA052349 | Library Block B | VEM NOR 2014 B435 O.7 |